000 00330nam a22001217a 4500
082 _a030
_bBUR/N-1
100 _aBURTON, MAURICE
100 _aBURTON, ROBERT
245 _aTHE NEW FUNK &WAGNALLS ILUSTRATED WILDLIFE ENCYCLOPEDIA: VOL 1 AAR -AMO
260 _aAMERICA
_bBPC PUBLISHING
650 _aENCYCLOPEDIA
_zAMERICA
942 _cBK
999 _c1968
_d1968